| 000 | 00974cam a2200277 a 4500 | ||
|---|---|---|---|
| 999 |
_c234785 _d234785 |
||
| 001 | 11768083 | ||
| 003 | Nust | ||
| 005 | 20170330160116.0 | ||
| 008 | 990726s2000 mau 000 1 eng | ||
| 010 | _a 99042665 | ||
| 020 | _a9780349112763 | ||
| 035 | _a(DLC) 99042665 | ||
| 040 |
_aDLC _cDLC _dDLC |
||
| 050 | 0 | 0 |
_aPS3569.H7385 _bF67 2000 |
| 082 | 0 | 0 |
_a813.54 _bSHR |
| 100 | 1 | _aShreve, Anita. | |
| 245 | 1 | 0 |
_aFortune's rocks : _ba novel / _cAnita Shreve. |
| 250 | _a1st ed. | ||
| 260 |
_aBoston : _bLittle, Brown, _c2000. |
||
| 300 |
_a453 p. ; _c24 cm. |
||
| 650 |
_aSocial conditions _vFiction |
||
| 856 | 4 | 2 |
_3Publisher description _uhttp://www.loc.gov/catdir/enhancements/fy0914/99042665-d.html |
| 906 |
_a7 _bcbc _corignew _d1 _eocip _f19 _gy-gencatlg |
||
| 942 |
_2ddc _cBK |
||